UM Logo
Normal view MARC view
  • Bennet, George, B. 1776

Entry Topical Term

Number of records used in: 1

001 - CONTROL NUMBER

  • control field: 14464

003 - CONTROL NUMBER IDENTIFIER

  • control field: OSt

005 - DATE AND TIME OF LATEST TRANSACTION

  • control field: 20160912102146.0

008 - FIXED-LENGTH DATA ELEMENTS

  • fixed length control field: 160912|| aca||babn | a|a d

040 ## - CATALOGING SOURCE

  • Original cataloging agency: OSt

150 ## - HEADING--TOPICAL TERM

  • Topical term or geographic name entry element: Bennet, George, B. 1776
  • General subdivision: Journeys